| 000 | 00663nam a2200217 u 4500 | ||
|---|---|---|---|
| 005 | 20240810063833.0 | ||
| 008 | 090527s2005 es r 000 0 spa d | ||
| 020 | _a8426359183 | ||
| 035 | _aUPN01000170734 | ||
| 049 | _aI | ||
| 050 | 4 |
_aPQ6657 I8.2 _bM3.3 |
|
| 100 | 1 |
_aGisbert, Joan Manuel, _d1949- _932067 |
|
| 245 | 1 | 0 |
_aMagos del atardecer / _cJoan Manuel Gisbert ; il. Ximena Maier |
| 260 |
_aZaragoza, Esp. : _bEdelvives, _c2005. |
||
| 300 |
_a159, [6] p. : _bil. |
||
| 440 | 0 |
_aAla Delta. _pVerde ; _v49 |
|
| 650 | 4 |
_aLiteratura infantil española _95892 |
|
| 650 | 2 |
_aImaginación _910940 |
|
| 650 | 4 |
_aNarración de cuentos _94988 |
|
| 905 | _aInfantil | ||
| 999 |
_c142839 _d142839 |
||